Statistics for Top 15 Celebrities Born In 1951

Click here to take the quiz!

General Stats

  • This quiz has been taken 106 times
  • The average score is 5 of 15

Answer Stats

Answer% Correct
Robin Williams
92%
Mark Hamil
59%
Sting
59%
Michael Keaton
42%
Jackie Jackson
36%
Phil Collins
36%
Stellan Skarsgard
36%
Rush Limbaugh
27%
Angelica Huston
24%
Tony Danza
23%
Bonnie Tyler
11%
Phyllis Smith
11%
Charo
1%
Olivia Hussey
1%
John Deacon
0%

Score Distribution

Percentile by Number Answered

Percent of People with Each Score

Your Score History

You have not taken this quiz